| 000 | 00000nam##2200000za#4500 |
| 001 | 9.614835 |
| 003 | CaOODSP |
| 005 | 20210929082757 |
| 007 | ta |
| 008 | 150406|1999||||xxc||||| f|0| 0 eng|d |
| 020 | |a0-662-27872-0 |
| 022 | |a1209-6571 |
| 040 | |aCaOODSP|beng |
| 043 | |an-cn--- |
| 086 | 1 |aFo29-47/18-1999E |
| 110 | 1 |aCanada. |bNatural Resources Canada. |bCanadian Forest Service. |
| 245 | 10|aDNA testing : |ban application to Armillaria root disease / |cby E. White and D. Morrison. |
| 260 | |aVictoria - British Columbia : |bNatural Resources Canada. |c1999. |
| 300 | |a3p. : |billus., references ; |c28 cm. |
| 490 | 1 |aTechnology transfer note|x1209-6571|v18 |
| 563 | |aPamphlet |
| 590 | |a99-26|b1999-07-02 |
| 690 | 07|aPlant diseases|2gcpds |
| 720 | 1 |aWhite, E. |
| 720 | 1 |aMorrison, D. |
| 776 | 0#|tDNA testing : |w(CaOODSP)9.572371 |
| 830 | #0|aTechnology transfer note,|x1209-6571|v18|w(CaOODSP)9.514646 |